000 00895nam a2200265 a 4500
999 _c8071
_d8071
001 3991384
003 OSt
005 20230131154825.0
008 950825s1995 enk b 001 0 eng
010 _a 95211370
020 _a0750621648 (pbk.)
040 _aDLC
_cDLC
_dDLC
050 0 0 _aRC59
_b.W37 1995
082 0 0 _aW89.W251p 1995
_220
100 1 _aWarren, Edward
_q(W. Edward)
_916432
245 1 0 _aPostgraduate tutorials in general practice /
_cEdward Warren.
250 _a1st ed.
260 _aOxford ;
_aBoston :
_bButterworth-Heinemann,
_c1995.
300 _avi, 218 p. ;
_c22 cm.
504 _aIncludes bibliographical references and index.
650 0 _aFamily medicine
_xOutlines, syllabi, etc.
_916433
906 _a7
_bcbc
_corignew
_d2
_encip
_f19
_gy-gencatlg
942 _2z
_cO_SHELF